书目信息 |
| 题名: |
读曲常识
|
|
| 作者: | 刘致中 , 侯镜昶 著 | |
| 分册: | ||
| 出版信息: | 上海 上海古籍出版社 1985 |
|
| 页数: | 122页 | |
| 开本: | 19cm | |
| 丛书名: | 中国古典文学基本知识丛书 | |
| 单 册: | ||
| 中图分类: | I207.37 , I20 | |
| 科图分类: | ||
| 主题词: | 古代戏曲--基本知识--中国 | |
| 电子资源: | ||
| ISBN: | ||
| 000 | 00727nam2 2200265 45 | |
| 001 | 1536774408 | |
| 005 | 20150128102920.95 | |
| 010 | @dCNY0.34 | |
| 091 | @aCN@b10186.530 | |
| 100 | @a19901106d1985 em y0chiy0121 ea | |
| 101 | 0 | @achi |
| 102 | @aCN@b310000 | |
| 105 | @ay z 000gy | |
| 200 | 10 | @a读曲常识@Adu qu chang shi@f刘致中, 侯镜昶著 |
| 210 | @a上海@c上海古籍出版社@d1985 | |
| 215 | @a122页@d19cm | |
| 225 | 2 | @a中国古典文学基本知识丛书 |
| 410 | 0 | @120010@a中国古典文学基本知识丛书 |
| 606 | @a古代戏曲@x基本知识@y中国 | |
| 690 | @aI207.37@v3 | |
| 690 | @aI20@v4 | |
| 701 | 0 | @a刘致中@Aliu zhi zhong@4著 |
| 701 | 0 | @a侯镜昶@Ahou jing chang@4著 |
| 801 | 0 | @aCN@bTSSF@c20150128 |
| 905 | @aZUCC@dI20@eJY146 | |
| 读曲常识/刘致中, 侯镜昶著.-上海:上海古籍出版社,1985 |
| 122页;19cm.-(中国古典文学基本知识丛书) |
| ISBN :CNY0.34 |
| ● |
| 相关链接 |
|
|
|
|
正题名:读曲常识
索取号:I20/JY146
 
预约/预借
| 序号 | 登录号 | 条形码 | 馆藏地/架位号 | 状态 | 备注 |
| 1 | 7855097 | 278550970 | 学院路分馆/ [索取号:I20/JY146] | 在馆 | |
| 2 | 7855098 | 278550989 | 学院路分馆/ [索取号:I20/JY146] | 在馆 |